Limits : (Record no. 30173)

000 -LEADER
fixed length control field 00676 a2200193 4500
020 ## - INTERNATIONAL STANDARD BOOK NUMBER
International Standard Book Number 0387982744
020 ## - INTERNATIONAL STANDARD BOOK NUMBER
International Standard Book Number 9780387982748
082 04 - DEWEY DECIMAL CLASSIFICATION NUMBER
Classification number 515.222
090 ## - LOCALLY ASSIGNED LC-TYPE CALL NUMBER (OCLC); LOCAL CALL NUMBER (RLIN)
-- 1563
-- 1563
100 1# - MAIN ENTRY--PERSONAL NAME
Personal name Beardon, Alan F.
245 10 - TITLE STATEMENT
Title Limits :
Remainder of title a new approach to real analysis /
Statement of responsibility, etc. Alan F. Beardon.
250 ## - EDITION STATEMENT
Edition statement 1st ed.
260 ## - PUBLICATION, DISTRIBUTION, ETC.
Place of publication, distribution, etc. [S.l.] :
Name of publisher, distributor, etc. Springer,
Date of publication, distribution, etc. 1997.
300 ## - PHYSICAL DESCRIPTION
Extent 213 p. ;
Dimensions 25 cm.
490 1# - SERIES STATEMENT
Series statement Undergraduate texts in mathematics.
830 #0 - SERIES ADDED ENTRY--UNIFORM TITLE
Uniform title Undergraduate texts in mathematics.
942 ## - ADDED ENTRY ELEMENTS (KOHA)
Institution code [OBSOLETE] SNS
Koha item type Book
Call number prefix 516.222 BEA
Holdings
Withdrawn status Lost status Damaged status Not for loan Permanent Location Current Location Date acquired Total Checkouts Total Renewals Full call number Barcode Date last seen Date last checked out Price effective from Koha item type
        School of Natural Sciences (SNS) School of Natural Sciences (SNS) 05/26/2016 3 1 516.222 BEA SNS0000672 11/24/2022 09/16/2018 05/26/2016 Book
© 2023 Central Library, National University of Sciences and Technology. All Rights Reserved.